000 00682nam a2200205Ia 4500
005 20260121110120.0
008 008 260114s9999 xx 000 0 hin d
020 _a9788132364849
037 _aEBOOK
040 _aCRL
_bhin
_cCRL
041 _ahin
_2hin
084 _qCRL
100 _aहेमनी कपूर / Hemani Kapoor
_9942223
245 0 _aभारत के राष्ट्रपति का इतिहास / Bharat ke Rashtrapati ka Itihas
260 _bभाषा प्रकाशन / Bhasha Prakashan
_c2021
856 _uhttps://bhashaprakashan.com/product-details/379135
942 _cEBOOK
999 _c1533888
_d1533888